Nghệ thuật làm giàu đương đại /

Làm giàu ở xí nghiệp gia đình; Làm giàu bằng quản lý tài chính gia đình; Ngọn lửa làm giàu.

Kaydedildi:
Detaylı Bibliyografya
Diğer Yazarlar: Dương Quốc Anh (dịch.)
Materyal Türü: Kitap
Dil:Vietnamese
Chinese
Baskı/Yayın Bilgisi: Hà Nội : Văn hóa - Thông tin, 2004.
Konular:
Etiketler: Etiketle
Etiket eklenmemiş, İlk siz ekleyin!
Thư viện lưu trữ: Mạng thư viện Đại học Đà Nẵng
LEADER 01230cam a2200361 a 4500
001 000043859
003 1968
005 20060503102015.0
008 010217b2004 vm 000 vie
020 |c 50000 
040 |a LRC  |c LRC  |d LRC 
041 1 |a vie  |h chi 
082 1 4 |a 650.1  |b Ng-T 
245 0 0 |a Nghệ thuật làm giàu đương đại /  |c Dương Quốc Anh biên dịch. 
260 |a Hà Nội :  |b Văn hóa - Thông tin,  |c 2004. 
300 |a 498 tr. ;  |c 20,5 cm. 
520 3 |a Làm giàu ở xí nghiệp gia đình; Làm giàu bằng quản lý tài chính gia đình; Ngọn lửa làm giàu. 
630 0 4 |a Kinh doanh. 
630 0 4 |a Làm giàu. 
650 0 4 |a Kinh doanh. 
700 1 |a Dương Quốc Anh,  |e dịch. 
OWN |a DUT 
AVA |a UDN50  |b DUT  |c Book  |d 650.1 Ng-T  |e available  |t Error 5001 Not defined in file expand_doc_bib_avail.  |f 5  |g 0  |h N  |i 0  |j SH  |k 1 
999 |a From the UDN01 
AVA |a UDN50  |b DUT  |c Book  |d 650.1 Ng-T  |e available  |t Error 5001 Not defined in file expand_doc_bib_avail.  |f 5  |g 0  |h N  |i 0  |j SH  |k 1 
TYP |a Monograph 
TYP |a Printed language 
980 |a Mạng thư viện Đại học Đà Nẵng